Quiz sur la Zambie - Statistiques

Statistiques générales
  • Ce quiz a été pris 2 809 fois
  • Le résultat moyen est 11 sur 20
Statistiques - réponses
Question Réponse % Correct
Pays frontalier de la Zambie dont le nom commence aussi par Z Zimbabwe
97%
Langue officielle Anglais
95%
Plus grand pays frontalier de la Zambie RD Congo
91%
Plus petit pays frontalier de la Zambie Malawi
87%
Chutes d'eau gigantesques que la Zambie partage avec ce dernier Chutes {Victoria}
82%
Pays avec lequel la Zambie possède la plus petite frontière internationale du monde (150 mètres) Botswana
81%
Religion la plus pratiquée Christianisme
80%
Maladie qui touche 12,4 % des adultes zambiens entre 15 et 49 ans SIDA
79%
Fleuve qui a donné son nom à la Zambie Zambèze
75%
Capitale Lusaka
69%
Nom colonial de la Zambie {Rhodésie} du Nord
68%
Métal qui représente une grande partie des exportations de la Zambie Cuivre
54%
Troisième plus grand lac du monde par le volume, partagé par 4 pays Lac Tanganyika
37%
Oiseau national, on le trouve notamment sur le drapeau zambien {Aigle} pêcheur d'Afrique
30%
Explorateur écossais fut le premier européen à observer celles-ci David Livingstone
29%
Ensemble de peuples, incluant notamment les Zoulous, qui a remplacé les Bochimen en Zambie vers 300 avant J.-C. Bantous
22%
Le Lac Kariba est le lac ____ le plus volumineux du monde Artificiel
20%
Devise monétaire (qui a le même nom que celle du Malawi) K{wacha}
14%
Dictateur de la Zambie de 1964 à 1991 qui s'est éteint en 2021 Kenneth {Kaunda}
12%
4 langues les plus parlées en Zambie (nommez-en une) Bemba (31%) | Chewa (25%) Tsonga (18%) | Kaonde (9%)
10%
Aucun quiz correspondant
Distribution des résultats
% des personnes avec chaque résultat
Percentile par nombre de réponses
Votre historique - résultats
Vous n’avez pas pris ce quiz